| 000 | 01385cas a2200313 a 4500 | ||
|---|---|---|---|
| 005 | 20170426120021.0 | ||
| 008 | 010919u1999uuuuck ar p 0 0spa | ||
| 022 | _a0124-4841 | ||
| 040 |
_aDLC _cDLC _dMH _dOCoLC _dHEBIS _dGBVCP _dTxU _dOCoLC |
||
| 041 | 0 |
_aspa _aeng |
|
| 044 | _ack | ||
| 090 | _aSE | ||
| 245 | 0 | 0 | _aArqueología del área intermedia |
| 246 | 1 | _aRevista de arqueología del área intermedia | |
| 260 |
_aBogotá (Colombia) : _bSociedad Colombiana de Arqueología, _c1999-. |
||
| 300 |
_billustraciones ; _c23 x 16 cm. |
||
| 310 | _aa | ||
| 504 | _aIncluye referencias bibliográficas. | ||
| 546 | _aEn español ; resúmenes en español e inglés. | ||
| 550 | _aIssued with: Instituto Colombiano de Antropología e Historia, <2002>- | ||
| 650 | 2 | 6 |
_aPueblos indígenas _xAntigüedades _zAmérica del Sur _vPublicaciones periódicas |
| 650 | 2 | 6 |
_aExcavación arqueológica _zAmérica del Sur _vPublicaciones periódicas |
| 650 | 2 | 6 |
_aPueblos indígenas _xAntigüedades _zAmérica central _vPublicaciones periódicas |
| 650 | 2 | 6 |
_aExcavación arqueológica _zAmérica central _vPublicaciones periódicas |
| 710 | 2 | _aSociedad Colombiana de Arqueología | |
| 710 | 2 | _aInstituto Colombiano de Antropología e Historia | |
| 776 | 0 | 8 |
_iOnline version: _tArqueología del área intermedia _w(OCoLC)760057922 |
| 942 |
_2z _cREVISTA |
||
| 999 |
_c16698 _d16698 |
||